Inverse problems and applications : (Record no. 18787)

MARC details
000 -LEADER
fixed length control field 01066cam a2200289 i 4500
001 - CONTROL NUMBER
control field 17540079
003 - CONTROL NUMBER IDENTIFIER
control field EG-ScBUE
005 - DATE AND TIME OF LATEST TRANSACTION
control field 20241016112522.0
008 - FIXED-LENGTH DATA ELEMENTS--GENERAL INFORMATION
fixed length control field 121126s2013 nyua f b f000 0 eng d
020 ## - INTERNATIONAL STANDARD BOOK NUMBER
International Standard Book Number 9781107032019 (Hardback)
040 ## - CATALOGING SOURCE
Original cataloging agency DLC
Language of cataloging eng
Description conventions rda
Transcribing agency DLC
Modifying agency DLC
-- EG-ScBUE
082 04 - DEWEY DECIMAL CLASSIFICATION NUMBER
Classification number 515.357
Edition number 22
Item number INV
245 00 - TITLE STATEMENT
Title Inverse problems and applications :
Remainder of title inside out II /
Statement of responsibility, etc edited by Gunther Uhlmann, University of Washington.
246 30 - VARYING FORM OF TITLE
Title proper/short title Inside out II
264 #1 - PUBLICATION, DISTRIBUTION, ETC. (IMPRINT)
Place of publication, distribution, etc New York, United States :
Name of publisher, distributor, etc Cambridge University Press,
Date of publication, distribution, etc 2013.
300 ## - PHYSICAL DESCRIPTION
Extent xii, 580 pages :
Other physical details illustrations ;
Dimensions 25 cm.
336 ## - CONTENT TYPE
Source rdacontent
Content type term text
Content type code txt
337 ## - MEDIA TYPE
Media type term unmediated
Source rdamedia
Media type code n
338 ## - CARRIER TYPE
Carrier type term volume
Carrier type code nc
Source rdacarrier
490 0# - SERIES STATEMENT
Series statement Mathematical Sciences Research Institute publications ;
Volume number/sequential designation 60
504 ## - BIBLIOGRAPHY, ETC. NOTE
Bibliography, etc Includes bibliographical references.<br/>
650 #7 - SUBJECT ADDED ENTRY--TOPICAL TERM
Topical term or geographic name as entry element Inverse problems (Differential equations)
Source of heading or term BUEsh
9 (RLIN) 36947
653 ## - INDEX TERM--UNCONTROLLED
Resource For college Engineering, Electrical
Arrived date list December2014
655 ## - INDEX TERM--GENRE/FORM
Form subdivision Reading book
9 (RLIN) 34232
700 1# - ADDED ENTRY--PERSONAL NAME
Personal name Uhlmann, Gunther,
Dates associated with a name 1952-
Relator term editor.
9 (RLIN) 36948
942 ## - ADDED ENTRY ELEMENTS (KOHA)
Source of classification or shelving scheme Dewey Decimal Classification
Koha item type Book - Borrowing
Holdings
Withdrawn status Lost status Source of classification or shelving scheme Damaged status Not for loan Collection code Home library Current library Shelving location Date acquired Source of acquisition Cost, normal purchase price Serial Enumeration / chronology Total Checkouts Full call number Barcode Date last seen Cost, replacement price Price effective from Koha item type
    Dewey Decimal Classification     Baccah Central Library Central Library First floor 16/12/2014   675.00 21291   515.357 INV 000037202 15/07/2025 844.00 16/12/2014 Book - Borrowing